| 000 | 01889nam a2200397 a 4500 | ||
|---|---|---|---|
| 001 | 000014655 | ||
| 003 | DO-SdBPM | ||
| 005 | 20260519125518.0 | ||
| 007 | ta | ||
| 008 | 100118s2007 dr 001 0 spa d | ||
| 020 | _z978994542713 | ||
| 040 |
_aDO-SdBPM _bspa _cBPMSU _drda |
||
| 082 | 0 | 4 |
_aRD860.44 _bR696e 2007 _222 |
| 100 | 1 |
_aRodríguez, Néstor E., _d1971- _4aut. _eautor |
|
| 245 | 1 | 0 |
_aEscrituras de desencuentro en la República Dominicana / _cNéstor E. Rodríguez. |
| 260 | _c | ||
| 264 |
_aSanto Domingo : _bEditora Nacional, _c2007 |
||
| 300 |
_a200 páginas ; _c24 cm. |
||
| 336 |
_atexto _btxt _2rdacontent |
||
| 337 |
_asin mediación _bn _2rdamedia |
||
| 338 |
_avolumen _bnc _2rdacarrier |
||
| 490 | 0 | _aPensamiento dominicano | |
| 500 | _aIncluye índice analítico | ||
| 500 | _aIncluye referencias bibliográficas y notas al pie de las páginas | ||
| 500 | _aIncluye datos biográficos del autor en la solapa de la cubierta. | ||
| 504 | _aBibliografía : páginas 181-191 | ||
| 505 | 0 | _aPrólogo a la edición dominicana -- Agradecimientos -- Introducción -- Los espacios de la nación dominicana -- Escritura e identidad desde los márgenes de la ciudad trujillista y sus arcontes -- Escritura e identidad desde los márgenes de la ciudad trujillista -- Desfiguraciones contemporáneas del imaginario nacional dominicano -- Cartografías subversivas en la narrativa dominicana de hoy -- La nación trashumante -- Bibliografía -- Índice analítico. | |
| 590 | _aInventariado, 2026 /VM | ||
| 650 | 7 |
_aLiteratura dominicana _xHistoria y crítica |
|
| 650 | 4 |
_aLiteratura dominicana _xHistoria _yEra de Trujillo,1930-1961 |
|
| 650 | 7 |
_aAutores dominicanos _xCrítica e interpretación |
|
| 650 | 7 |
_aPoesía dominicana _xCrítica e interpretación |
|
| 650 | 7 | _aIdentidad colectiva | |
| 910 | _aValidado. Control de calidad BNPHU | ||
| 942 |
_2ddc _cBK |
||
| 999 |
_c15851 _d15851 |
||